000
00425nam a2200169Ia 4500
008
090711s9999 xx 000 0 und d
082
_b
79525
100
_a
देसाई अरुणा
245
_a
कथाई
260
_c
1996
300
_a
100
600
_a
देसाई अरुणा
630
_a
कथाई
700
_a
देसाई अरुणा
730
_a
कथाई
942
_c
BOOK
999
_c
312633
_d
312633